000
00345nam a2200145Ia 4500
008
230718s9999 xx 000 0 und d
041
_a
Eng.
082
_a
813.54
_b
AVE-S
100
_a
Averill homes Jox
245
0
_a
Sеслеть of the Thillofe
260
_a
Pakistan
_b
Perquin boxes
_c
2001
300
_a
304
650
_a
Law
999
_c
26362
_d
26362